000 00290nam a2200109Ia 4500
008 200302s9999 xx 000 0 und d
100 _aIain Borden and Others
245 _aThe unknown city contesting architecture and social space
260 _bThe Mit Press
260 _c2001
300 _a533
999 _c5925
_d5925